UBT Library

Mosby's Drug Consult : (Record no. 883)

000 -LEADER
fixed length control field 00479nam a22001697a 4500
008 - FIXED-LENGTH DATA ELEMENTS--GENERAL INFORMATION
fixed length control field 150521b xxu||||| |||| 00| 0 eng d
020 ## - INTERNATIONAL STANDARD BOOK NUMBER
International Standard Book Number 9780323040587
020 ## - INTERNATIONAL STANDARD BOOK NUMBER
International Standard Book Number 0323040586
041 0# - LANGUAGE CODE
Language code of text/sound track or separate title eng
080 ## - UNIVERSAL DECIMAL CLASSIFICATION NUMBER
Universal Decimal Classification number 615
100 ## - Rafti
Rafti Elsevier, Mosby
245 00 - TITLE STATEMENT
Title Mosby's Drug Consult :
Statement of responsibility, etc Elsevier, Mosby
300 ## -
-- 142, 3034, 139, 81 f. ;
-- me il. ;
-- 28 cm.
-- 1 CD-ROM
650 #0 -
-- Mjekësi
650 #0 -
-- Barnat
942 ## - ADDED ENTRY ELEMENTS (KOHA)
Source of classification or shelving scheme
Item type Books
Holdings
Withdrawn status Lost status Source of classification or shelving scheme Damaged status Not for loan Collection code Permanent location Current location Shelving location Date acquired Total Checkouts Full call number Date last seen Price effective from Koha item type Barcode
          Koleksioni i përgjithshem UBT - Lipjan UBT - Lipjan Koleksioni i përgjithshem 05/21/2015   615 ELS 05/21/2015 05/21/2015 Books  
          Koleksioni i përgjithshem UBT - Lipjan UBT - Lipjan Koleksioni i përgjithshem 05/18/2016   612.39 05/18/2016 05/18/2016 Books 002-035532
UBT Library © 2015-2024. All rights reserved University Education for Business and Technology